00849cam a2200265 a 4500001001300000003000400013005001700017008004100034010001700075040001300092043001200105050002100117100003000138245012800168246002400296246002500320250001700345260003400362300004000396546003400436500001700470650003100487650004800518999001700566sa 68020866 DLC20260227112728.0970910s1968 ii ac 000 0 tib  asa 68020866  aDLCcDLC aa-cc-ti00aPL3614b.T5 19681 aTharchin, G.,d1890-1976.10aBod skad kyi sgrog dpe gñis pa Yon tan ñer ʼphel źes bya ba bźugs so :bthe Tibetan second book /cby G. Tharchin.30aTibetan second book30aYon tan ñer ʼphel aRev. 4th ed. aKalimpong :bTharchin,c1968. aiv, 98 p. :bill., ports. ;c19 cm. aIn Tibetan; pref. in English. aCover title. 0aTibetan languagexReaders. 0aTibetan languagexOrthography and spelling. c89613d89613